Antología del entremés : desde Lope de Rueda hasta Antonio de Zamora, siglos XVI y XVII /

Guardat en:
Dades bibliogràfiques
Autor principal: Buendía, Felicidad (selec.)
Format: Llibre
Idioma:espanyol
Publicat: Madrid, España : Aguilar, 1965, c1965
Matèries:
Etiquetes: Afegir etiqueta
Sense etiquetes, Sigues el primer a etiquetar aquest registre!

MARC

LEADER 00000nam^a2200000^a^4500
001 000134021
005 20250521000000.0
009 20260310095153.813
037 |a Acervo ITESO - Biblioteca 
041 |a ESP 
082 |a 862.  |b BUE 
100 |a Buendía, Felicidad  |e (selec.) 
245 1 0 |a Antología del entremés :  |b desde Lope de Rueda hasta Antonio de Zamora, siglos XVI y XVII /  |c Selec., estudio y notas de F. Buendía. 
264 4 |a Madrid, España :  |b Aguilar,  |c 1965, c1965 
300 |a 1045 p. 
336 |a texto  |b txt  |2 rdacontenido 
337 |a sin mediación  |b n  |2 rdamedio 
338 |a volumen  |b nc  |2 rdasoporte 
649 |a XX 
650 |a Entremeses Españoles 
650 |a Comedia Española 
650 |a Literatura Española -  |y Siglo XVI 
650 |a Literatura Española -  |y Siglo XVII 
910 |a Fondo Salvador Reynoso Reynoso 
920 |a Impresos - Libros 
930 |a Fondos Especiales 
940 |a Literatura 
905 |a 112 
901 |a 0800013011  |b IT2  |c ESP  |u 20250521 
902 |a https://opac.biblio.iteso.mx/vufind/Record/000134021